000 00496cam a2200145 4500500
005 20251012032622.0
041 _afre
042 _adc
100 1 0 _aLe Moing, Monique
_eauthor
245 0 0 _aLa Padaria Espiritual. Une société secrète au Nordeste du Brésil à la fin du XIXe siècle
260 _c2008.
500 _a13
786 0 _nSigila | 21 | 1 | 2008-06-20 | p. 149-152 | 1286-1715
856 4 1 _uhttps://shs.cairn.info/revue-sigila-2008-1-page-149?lang=fr&redirect-ssocas=7080
999 _c1547835
_d1547835